Flughäfen von oben - Statistiken

Allgemein
  • Dieses Quiz wurde 159 mal gespielt
  • Das Durchschnittsergebnis liegt bei 6 aus 16
Antwortstatistiken
Bildquiz Antwort % Korrekt
Frankfurt am Main
83%
München
72%
Dubai
71%
Atlanta
65%
Los Angeles
56%
Funchal
55%
Berlin-Brandenburg
53%
New York JFK
44%
San Francisco
38%
London Heathrow
37%
Palma de Mallorca
16%
Barcelona
14%
Bremen
14%
Newark Liberty
7%
Frankfurt Hahn
6%
Emden
4%
Keine übereinstimmenden Quizze gefunden
Verteilung der Resultate
Anzahl Personen mit jedem Resultat
Perzentil nach korrekt beantworteten Fragen
Ihre Resultats-Entwicklung
Sie haben dieses Quiz noch nicht gespielt